El voleibol : iniciación y perfeccionamiento /
Exposición y explicación, ilustrada con numerosos dibujos, de las bases técnicas de las seis acciones fundamentales del voleibol: 1) La recepción; 2) El pase o "acomodada"; 3) El remate; 4) El saque; 5) El bloqueo; 6) La defensa o fildeo; 7) Otras técnicas de ataque y 8) Nociones de juego colectivo....
Сохранить в:
| Главный автор: | |
|---|---|
| Другие авторы: | |
| Формат: | |
| Язык: | испанский |
| Опубликовано: |
Barcelona, España :
Paidotribo,
2005, c2005
|
| Редактирование: | 7a edición |
| Серии: | (Voleibol)
(Deporte) |
| Предметы: | |
| Метки: |
Нет меток, Требуется 1-ая метка записи!
|
MARC
| LEADER | 00000nam^a2200000^a^4500 | ||
|---|---|---|---|
| 001 | 000273207 | ||
| 005 | 20250521000000.0 | ||
| 009 | 20260310111122.863 | ||
| 020 | |a 84-86475-60-0 | ||
| 037 | |a Acervo ITESO - Biblioteca | ||
| 041 | |a ESP | ||
| 082 | |a 796. 3252 |b LUC | ||
| 100 | |a Lucas, Jeff |e (autor) | ||
| 245 | 1 | 3 | |a El voleibol : |b iniciación y perfeccionamiento / |c J. Lucas ; adaptación y tr. por H. Romero Largo. |
| 250 | |a 7a edición | ||
| 264 | 4 | |a Barcelona, España : |b Paidotribo, |c 2005, c2005 | |
| 300 | |a 196 p. | ||
| 336 | |a texto |b txt |2 rdacontenido | ||
| 337 | |a sin mediación |b n |2 rdamedio | ||
| 338 | |a volumen |b nc |2 rdasoporte | ||
| 440 | 1 | |a (Voleibol) | |
| 440 | 1 | |a (Deporte) | |
| 500 | |a Traducción de: Pass, Set, Crush | ||
| 520 | |a Exposición y explicación, ilustrada con numerosos dibujos, de las bases técnicas de las seis acciones fundamentales del voleibol: 1) La recepción; 2) El pase o "acomodada"; 3) El remate; 4) El saque; 5) El bloqueo; 6) La defensa o fildeo; 7) Otras técnicas de ataque y 8) Nociones de juego colectivo. El autor contó con la colaboración de Dave Saunders y Debbie Green, ex integrantes de las selecciones nacionales de Estados Unidos, quienes obtuvieron respectivamente dos títulos olímpicos (1984 y 1988) y un subcampeonato olímpico (1984). | ||
| 649 | |a XX | ||
| 650 | |a Voleibol - |x Técnica - |x Tema Principal | ||
| 650 | |a Deportes - |x Técnica | ||
| 650 | |a Deportes | ||
| 700 | |a Romero Largo, Hermipio |e (adaptación) | ||
| 910 | |a Fondo General | ||
| 920 | |a Impresos - Libros | ||
| 930 | |a Colección General | ||
| 905 | |a 101 | ||
| 901 | |a 0500158741 |b IT1 |c ACC |u 20250521 | ||
| 902 | |a https://opac.biblio.iteso.mx/vufind/Record/000273207 | ||